000 01105nam a22002537a 4500
005 20100915122746.0
008 100915t xxu||||| |||| 00| 0 hin d
010 _aHIN-90483
020 _a818960015x
_c150.00
035 _aHN-62829
037 _bDBAD / PUB
040 _aDPL
_bHN
082 _a821.08
100 _aश्रीवास्तव, स्वप्निल
_920178
245 _aजिन्दगी का मुकदमा /
_cस्वप्निल श्रीवास्तव
246 _aJindgi ka mukadama
_bSvpnile Shrivastav
260 _aहापुड़
_bपुनर्नवा प्रकाशन
_c2010
270 _aरेवती कुंज
_bहापुड़
_e245101
300 _a96पृ.
_c22सेमी (सजिल्द)
650 _91159
700 _920179
942 _2ddc
_cHN
_h821.08
_mश्रीवास्त
999 _c45980
_d45980